Statistics for Most Populated City by U.S. State

Click here to take the quiz!

General Stats

  • This quiz has been taken 129 times
  • The average score is 31 of 50

Answer Stats

StateMost Populous City% Correct
CaliforniaLos Angeles
94%
MassachusettsBoston
89%
IllinoisChicago
88%
GeorgiaAtlanta
86%
ColoradoDenver
85%
TexasHouston
85%
NevadaLas Vegas
84%
HawaiiHonolulu
83%
ArizonaPhoenix
82%
New YorkNew York City
81%
OregonPortland
80%
MainePortland
80%
MichiganDetroit
79%
MississippiJackson
77%
MissouriKansas City
76%
WashingtonSeattle
76%
MinnesotaMinneapolis
75%
LouisianaNew Orleans
74%
IndianaIndianapolis
73%
UtahSalt Lake City
73%
OklahomaOklahoma City
71%
IdahoBoise
69%
AlaskaAnchorage
68%
FloridaJacksonville
68%
PennsylvaniaPhiladelphia
68%
MarylandBaltimore
67%
TennesseeMemphis
64%
North CarolinaCharlotte
63%
OhioColumbus
63%
IowaDes Moines
63%
ArkansasLittle Rock
63%
New MexicoAlbuquerque
56%
WisconsinMilwaukee
56%
NebraskaOmaha
56%
Rhode IslandProvidence
54%
New JerseyNewark
52%
AlabamaBirmingham
51%
KentuckyLouisville
50%
West VirginiaCharleston
44%
WyomingCheyenne
43%
VirginiaVirginia Beach
41%
North DakotaFargo
37%
KansasWichita
36%
South CarolinaColumbia
35%
MontantaBillings
32%
New HampshireManchester
32%
South DakotaSioux Falls
32%
VermontBurlington
26%
DelawareWilmington
26%
ConnecticutBridgeport
23%

Score Distribution

Percentile by Number Answered

Percent of People with Each Score

Your Score History

You have not taken this quiz